Ley N° 23179 Convención sobre la eliminación de todas las formas de discriminación contra la mujer
Saved in:
| Format: | Book |
|---|---|
| Published: |
Buenos Aires :
1993.
|
| LEADER | 00377nam a22001097a 4500 | ||
|---|---|---|---|
| 003 | AR-BeUNQ | ||
| 005 | 20190603162116.0 | ||
| 999 | |c 31062 |d 114862 | ||
| 245 | |a Ley N° 23179 Convención sobre la eliminación de todas las formas de discriminación contra la mujer | ||
| 260 | |a Buenos Aires : |c 1993. | ||
| 929 | |a DONACION |b Centro de DDHH Mignone |d 50,00 |e 20190228 |f PAT0072734 |g 3455 |h 1 |o PR | ||
| 942 | |c LIB |n 1 | ||